<?xml version="1.0" encoding="UTF-8"?>
<record
    xmlns:xsi="http://www.w3.org/2001/XMLSchema-instance"
    xsi:schemaLocation="http://www.loc.gov/MARC21/slim http://www.loc.gov/standards/marcxml/schema/MARC21slim.xsd"
    xmlns="http://www.loc.gov/MARC21/slim">

  <leader>01212    a2200145   4500</leader>
  <controlfield tag="003">Nust</controlfield>
  <controlfield tag="005">20170207154117.0</controlfield>
  <datafield tag="040" ind1=" " ind2=" ">
    <subfield code="c">Nust</subfield>
  </datafield>
  <datafield tag="082" ind1=" " ind2=" ">
    <subfield code="a">355.85</subfield>
  </datafield>
  <datafield tag="245" ind1=" " ind2=" ">
    <subfield code="a">U.S. Army field artillery school fort sill</subfield>
  </datafield>
  <datafield tag="260" ind1=" " ind2=" ">
    <subfield code="a">USA</subfield>
    <subfield code="b">Communication electronic school</subfield>
  </datafield>
  <datafield tag="300" ind1=" " ind2=" ">
    <subfield code="a">271,p.;</subfield>
  </datafield>
  <datafield tag="505" ind1=" " ind2=" ">
    <subfield code="a">The Diode Vacuum Tube (Page-1) Alternating Current Power Supplies (Page-8)  Filter Circuits (page-19) Direct Current Power Supplies (Page-29) Voltage Regulators and Voltage Regulator Tubes (page-34) Triode Vacuum Tubes (Page-44) Multielectrode vacuum Tube (page-57) USE of the Tube Tester (page-66) Audio Equipments(Page-72) Introduction to amplifiers (Page-78) Audio Voltage and Power Amplifiers (Page-89) Method of Bias (Page-106) Oscillators (Page-118) Radio- Frequency  Amplifiers (Page-127) Introduction to Transmitters (page-139) Amplitude Modulated Transmitters (Page-149) Super heterodyne Receiver (Page-160) Troubleshooting Radio Equipment (Page-189) Principles of Frequency Modulation (page-208) Frequency Modulated Receivers (page-215) Frequency modulated transmitters (page-225) Antenna Fundamentals (page-237) Transistors (page-248) Transistors (Cont) (Page-255)  </subfield>
  </datafield>
  <datafield tag="538" ind1=" " ind2=" ">
    <subfield code="a">Almirah No.54 Shelf No.4</subfield>
  </datafield>
  <datafield tag="942" ind1=" " ind2=" ">
    <subfield code="2">ddc</subfield>
    <subfield code="c">BK</subfield>
  </datafield>
  <datafield tag="999" ind1=" " ind2=" ">
    <subfield code="c">194121</subfield>
    <subfield code="d">194121</subfield>
  </datafield>
  <datafield tag="952" ind1=" " ind2=" ">
    <subfield code="0">0</subfield>
    <subfield code="1">0</subfield>
    <subfield code="2">ddc</subfield>
    <subfield code="4">0</subfield>
    <subfield code="7">0</subfield>
    <subfield code="8">NFIC</subfield>
    <subfield code="a">MCS</subfield>
    <subfield code="b">MCS</subfield>
    <subfield code="d">2016-12-12</subfield>
    <subfield code="l">0</subfield>
    <subfield code="o">355.85  COM</subfield>
    <subfield code="p">MCS4099</subfield>
    <subfield code="r">2016-12-08</subfield>
    <subfield code="w">2016-12-12</subfield>
    <subfield code="y">BK</subfield>
  </datafield>
</record>
